[Event "Wch U10 blitz"]
[Site "Minsk"]
[Date "2018.06.24"]
[Round "1"]
[White "Khodko, Yurii N"]
[Black "Ryzhov, Sergei"]
[Result "1-0"]
[WhiteElo "1844"]
[BlackElo "1234"]
[PlyCount "91"]
[EventDate "2018.06.24"]
[EventType "swiss (blitz)"]
[EventRounds "9"]
[EventCountry "BLR"]
[SourceTitle "EXT 2019"]
[Source "ChessBase"]
[SourceDate "2018.10.10"]
[SourceVersion "1"]
[SourceVersionDate "2018.10.10"]
[SourceQuality "1"]

1. e4 e6 2. d4 d5 3. Nc3 Bb4 4. e5 c5 5. a3 cxd4 6. Qxd4 Nc6 7. Bb5 Bxc3+ 8. Qxc3 Bd7 9. Bxc6 Bxc6 10. Nf3 Ne7 11. Nd4 0-0 12. 0-0 Rc8 13. Qd3 Qb6 14. Kh1 Ng6 15. f4 Ne7 16. b3 Bb5 17. Nxb5 d4 18. Nxd4 Rfd8 19. Be3 Nf5 20. Rfd1 Rxc2 21. Nxc2 Rxd3 22. Bxb6 Rxd1+ 23. Rxd1 h6 24. Bxa7 Kh7 25. Bf2 Kg6 26. g4 Ne7 27. Rd7 Nd5 28. Be3 f6 29. Rxb7 fxe5 30. fxe5 h5 31. gxh5+ Kf5 32. Rb4 Kxe5 33. Bd4+ Kf5 34. Bxg7 e5 35. Rb5 Ke4 36. h6 Nf4 37. Rxe5+ Kd3 38. Ne1+ Kc3 39. Re4+ Kxb3 40. Rxf4 Ka2 41. h7 Kb1 42. h8Q Kc1 43. Qc8+ Kd2 44. Qd7+ Kxe1 45. Re4+ Kf2 46. Qf5# 1-0